000 00550nam a2200169Ia 4500
008 090201s9999 xx 000 0 und d
010 _aKPL-41304
040 _bमराठी
041 _aमराठी
082 _a34081
_b41304
100 _aप्रतिभा रायकर
245 _aक्षण प्रेमाचा
_cप्रतिभा रायकर
260 _c2004
_bप्रिया प्रकाशन
300 _a189
_bमोठा
600 _aक्षण प्रेमाचा
942 _cBOOK
999 _c232293
_d232293